000 00192nam a2200085Ia 4500
008 120527s9999 xx 000 0 und d
100 _aMETIANU, A.A
245 _aStripper Harvesting
942 _cBK
999 _c25131
_d25131